000 00560nam a2200229Ia 4500
003 OSt
005 20220926043217.0
006 a|||||r|||| 00| 0
007 ta
008 220923b |||||||| |||| 00| 0 eng d
037 _cGeneral Book
040 _aRTL
_cRTL
_beng
041 _2eng
_aeng
082 _aX7, H0 D&W
100 _aBuehler Alfred G.
_9347419
245 0 _aPublic finance
250 _a2nd
260 _c1940
650 _aPublic Finance
942 _hX7, H0 D&W
_cGB
_2CC
999 _c671774
_d671774